Antenna theory and applications (Record no. 193716)
[ view plain ]
| 000 -LEADER | |
|---|---|
| fixed length control field | 00411nam a2200157Ia 4500 |
| 005 - DATE AND TIME OF LATEST TRANSACTION | |
| control field | 20250522152421.0 |
| 008 - FIXED-LENGTH DATA ELEMENTS--GENERAL INFORMATION | |
| fixed length control field | 231217s9999 xx 000 0 und d |
| 020 ## - INTERNATIONAL STANDARD BOOK NUMBER | |
| International Standard Book Number | 9781119990253 |
| 082 ## - DEWEY DECIMAL CLASSIFICATION NUMBER | |
| Classification number | 621.384135 VIS;1 R |
| 100 ## - MAIN ENTRY--PERSONAL NAME | |
| Personal name | Visser, Hubregt J. |
| 245 #0 - TITLE STATEMENT | |
| Title | Antenna theory and applications |
| 260 ## - PUBLICATION, DISTRIBUTION, ETC. (IMPRINT) | |
| Date of publication, distribution, etc. | 2012 |
| Name of publisher, distributor, etc. | John Wiley and sons |
| Place of publication, distribution, etc. | Chichester |
| 300 ## - PHYSICAL DESCRIPTION | |
| Extent | xiv, 265 |
| 650 ## - SUBJECT ADDED ENTRY--TOPICAL TERM | |
| Topical term or geographic name as entry element | Antenna |
| 942 ## - ADDED ENTRY ELEMENTS (KOHA) | |
| Koha item type | Books |
| Date last seen | Total Checkouts | Full call number | Accession number | Old discount | Uniform Resource Identifier | Cost, replacement price | Price effective from | Category | Lost status | Damaged status | Department | Withdrawn status | bill no. | bill date | Permanent Location | Current Location | Shelving location | Entry date | Vendor | Cost, normal purchase price | Grants | Currency symbol | Conversion rate | Discount | Discount type |
|---|---|---|---|---|---|---|---|---|---|---|---|---|---|---|---|---|---|---|---|---|---|---|---|---|---|
| 26/01/2024 | 621.384135 VIS;1 R | 81475 | 25 | digital/contents/81475.pdf | 3537.64 | 26/01/2024 | Books | Central Library | BR-521/12 | 25/10/2017 | Central Library | Central Library | Central Library | 11/07/2012 | Royal Biblioman | 79.95 | TC/PG | USD | 59 | 19.99 | Rupees |
